header

Biology concepts and investigations (Record no. 254923)

MARC details
000 -LEADER
fixed length control field 00519nam a22001937a 4500
003 - CONTROL NUMBER IDENTIFIER
control field OSt
005 - DATE AND TIME OF LATEST TRANSACTION
control field 20170310122932.0
008 - FIXED-LENGTH DATA ELEMENTS--GENERAL INFORMATION
fixed length control field 160803b xxu||||| |||| 00| 0 eng d
020 ## - INTERNATIONAL STANDARD BOOK NUMBER
International Standard Book Number 9780077598525
International Standard Book Number 0077598520
International Standard Book Number 9780077598532
International Standard Book Number 0077598539
040 ## - CATALOGING SOURCE
Transcribing agency RU
050 ## - LIBRARY OF CONGRESS CALL NUMBER
Classification number QH 603
Item number .C43 K87 2012
100 ## - MAIN ENTRY--PERSONAL NAME
Personal name Marielle Hoefnagels
245 ## - TITLE STATEMENT
Title Biology concepts and investigations
Remainder of title Selected chapters from
260 ## - PUBLICATION, DISTRIBUTION, ETC. (IMPRINT)
Place of publication, distribution, etc Newyork
Name of publisher, distributor, etc Mc Graw -Hill Learning
Date of publication, distribution, etc 2012
942 ## - ADDED ENTRY ELEMENTS (KOHA)
Source of classification or shelving scheme Library of Congress Classification
Koha item type Long Loan Books
Holdings
Withdrawn status Lost status Source of classification or shelving scheme Damaged status Not for loan Collection code Home library Current library Shelving location Date acquired Total Checkouts Full call number Barcode Date last seen Price effective from Koha item type Date checked out
    Library of Congress Classification     Non-fiction Rongo University Library Rongo University Library General Stacks 03/08/2016   QH 603.C43 K87 2012 201610139 03/08/2016 03/08/2016 Long Loan Books  
    Library of Congress Classification     Non-fiction Rongo University Library Rongo University Library General Stacks 10/03/2017   QH 603.C43 K87 2012 201618107 10/03/2017 10/03/2017 Long Loan Books  
    Library of Congress Classification     Non-fiction Rongo University Library Rongo University Library General Stacks 17/05/2017 1 QH 603 .C43 K87 2012 201618102 27/10/2022 17/05/2017 Long Loan Books 14/10/2022
    Library of Congress Classification     Non-fiction Rongo University Library Rongo University Library General Stacks 27/06/2018   QH 603 .C43 K87 2012 201618094 27/06/2018 27/06/2018 Long Loan Books  
    Library of Congress Classification     Non-fiction Rongo University Library Rongo University Library General Stacks 27/06/2018   QH 603 .C43 K87 2012 201618104 27/06/2018 27/06/2018 Long Loan Books  

© 2026 Rongo University
Contact us: librarian | system librarian | Rongo university